Normal view
MARC view
- Schildt,Herbert
Entry Personal Name
001 - CONTROL NUMBER
- control field: 509
003 - CONTROL NUMBER IDENTIFIER
- control field: JO-AjAnu
005 - DATE AND TIME OF LATEST TRANSACTION
- control field: 20230606070405.0
008 - FIXED-LENGTH DATA ELEMENTS
- fixed length control field: 230606|| aca||aabn | a|a d
040 ## - CATALOGING SOURCE
- Original cataloging agency: JO-AjAnu
- Transcribing agency: JO-AjAnu
100 ## - HEADING--PERSONAL NAME
- Personal name: Schildt,Herbert
670 ## - SOURCE DATA FOUND
- Source citation: Work cat.: (JO-AjAnu)271: Schildt,Herbert, author, c++ The Complete Reference